00425nam a2200157Ia 4500008004100000020001800041082001200059100002100071245001400092250000900106260007000115300002300185500001900208600002000227650002000247240925s9999 xx 000 0 und d a9780070700710 a330 SAM aChaudhuri, Sudip 0aEconomics a19th aNew Delhi:bMcGraw Hill Education (India) Private Limitedc,2010. a734p.b0fOriginal aIncludes Index aSocial Sciences aSocial Sciences